[Event "9th Open"]
[Site "Istanbul TUR"]
[Date "2010.08.22"]
[Round "3"]
[White "Bagaturov,G"]
[Black "Kumkumoglu,Mehmet Baris"]
[Result "1/2-1/2"]
[WhiteElo "2447"]
[BlackElo "2122"]

1.d4 d5 2.Nf3 Nf6 3.c4 e6 4.Nc3 c6 5.e3 Nbd7 6.Bd3 Bd6 7.e4 dxe4 8.Nxe4 Nxe4
9.Bxe4 Nf6 10.Bc2 Bb4+ 11.Bd2 Qb6 12.O-O Bxd2 13.Qxd2 c5 14.dxc5 Qxc5 15.b4 Qc7
16.c5 O-O 17.Rfd1 Bd7 18.Qd6 Qxd6 19.Rxd6 Bc6 20.Ne5 Bd5 21.Bb3 Rfd8 22.Rxd8+ Rxd8
23.Rd1 Kf8 24.c6 bxc6 25.Nxc6 Rd7 26.Bxd5 Nxd5 27.b5 Ke8 28.a3 Rc7 29.a4 a6
30.Rb1 Nc3 31.b6 Nxb1 32.bxc7 Kd7 33.Nb8+ Kxc7 34.Nxa6+ Kb6 35.Nb8 Nc3 36.a5+ Kb7
37.Nd7 Nb5 38.Nc5+ Kc6 39.Nb3 Nc7 40.Nd4+ Kc5 41.Nf3 f6 42.g4 h6 43.h4 Kb5
44.g5 hxg5 45.hxg5 Kxa5 46.gxf6 gxf6 47.Nd2 Kb4 48.Kg2 Nd5 49.Kf3 Kc3 50.Ne4+ Kd4
51.Nd2 e5 52.Nb3+ Kd3 53.Nc5+ Kc4 54.Ne4 Kd4 55.Ng3 Ne7 56.Kg4 Kd3 57.Nh5 f5+
58.Kg5 Ke2 59.Ng3+ Kxf2 60.Nxf5 Nd5 61.Nd6 Ne7 62.Kf6 Nc6 63.Ke6  1/2-1/2

[Event "Sants Open A"]
[Site "La Bordeta ESP"]
[Date "2010.08.22"]
[Round "3"]
[White "Peralta,Fe"]
[Black "Bergez,L"]
[Result "1-0"]
[WhiteElo "2570"]
[BlackElo "2394"]

1.d4 d5 2.c4 c6 3.Nf3 Nf6 4.Nc3 e6 5.e3 Nbd7 6.Bd3 b6 7.O-O Bb7 8.Qe2 Be7
9.b3 O-O 10.Bb2 Rc8 11.Rad1 Qc7 12.Ne5 Nxe5 13.dxe5 Nd7 14.f4 f5 15.cxd5 cxd5
16.Nb5 Qb8 17.Nd4 Nc5 18.Ba3 Rf7 19.Bxc5 bxc5 20.Nxe6 Rc6 21.Bxf5 Rxf5 22.Nxg7 Ba6
23.Qg4 Rg6 24.Qxf5 Bxf1 25.Kxf1 Qb5+ 26.Qd3 c4 27.Qxd5+ Qxd5 28.Rxd5 Kxg7
29.f5 Ra6 30.f6+ Bxf6 31.exf6+ Kxf6 32.bxc4 Rxa2 33.c5 a5 34.c6 Rc2 35.Rxa5 Rxc6
36.Kf2 Rc4 37.Kf3 Rc1 38.Ra6+ Kf7 39.Ra7+ Kg6 40.Ra6+ Kf7 41.Ra4 Rf1+ 42.Kg3 Re1
43.Rf4+ Kg6 44.Kf2 Ra1 45.h4 Ra2+ 46.Kf3 Ra1 47.Rb4 Ra2 48.g3 Ra1 49.Rb6+ Kf7
50.e4 Rf1+ 51.Kg4 Re1 52.Kf5 Rf1+ 53.Kg5 Re1 54.Rb7+ Kg8 55.Re7 Rf1 56.g4 Rf2
57.e5 Rf1 58.h5 Rf2 59.e6 Rf8 60.Rf7 Rxf7 61.exf7+ Kg7 62.f8=Q+ Kxf8 63.Kh6 Kg8
64.g5 Kh8 65.g6  1-0

[Event "6th Prospero A Pichay Cup"]
[Site "Manila PHI"]
[Date "2010.08.22"]
[Round "3"]
[White "Pascua,H"]
[Black "Yu Lie"]
[Result "1/2-1/2"]
[WhiteElo "2368"]
[BlackElo "2447"]

1.d4 Nf6 2.c4 e6 3.Nc3 d5 4.Nf3 c6 5.e3 Nbd7 6.b3 Bb4 7.Bd2 O-O 8.Bd3 Bd6
9.cxd5 exd5 10.O-O Re8 11.Qc2 Nf8 12.e4 dxe4 13.Nxe4 Nxe4 14.Bxe4 Be6 15.Rfe1 Qc7
16.Rac1 Rac8 17.h3 Bf4 18.Rcd1 Bxd2 19.Rxd2 Qa5 20.Qc5 Qxc5 21.dxc5 Nd7 22.Ng5 Nf6
23.Rde2 Rcd8 24.Bc2 a5 25.Nxe6 Rxe6 26.Rxe6 fxe6 27.Rxe6 Rd2 28.Bf5 Rd5 29.g4 Kf7
30.Rd6 Rxc5 31.Bc8 Ke7 32.Re6+ Kf7 33.Rd6 Ke7 34.Re6+ Kf7 35.Rd6  1/2-1/2

[Event "6th Prospero A Pichay Cup"]
[Site "Manila PHI"]
[Date "2010.08.22"]
[Round "3"]
[White "Bagamasbad,E"]
[Black "Tirto"]
[Result "1-0"]
[WhiteElo "2259"]
[BlackElo "2360"]

1.c4 c6 2.d4 d5 3.e3 Nf6 4.Nc3 e6 5.Nf3 Nbd7 6.Qc2 Bd6 7.b3 O-O 8.Be2 b6
9.O-O Bb7 10.Bb2 Rc8 11.Rac1 Qc7 12.h3 Qb8 13.Qb1 a6 14.Bd3 h6 15.e4 dxe4
16.Nxe4 Nxe4 17.Bxe4 Nf6 18.c5 Bf4 19.Rcd1 bxc5 20.dxc5 Nd5 21.a3 Bc7 22.Rfe1 Rce8
23.Ne5 Qd8 24.Bh7+ Kh8 25.Rd3 Qe7 26.b4 Rd8 27.Rg3 Nf6 28.Be4 Rg8 29.Rf3 Bxe5
30.Bxe5 Nd5 31.Qc1 f6 32.Bd6 Qd7 33.Bxd5 cxd5 34.Rxf6 Rge8 35.Rg6 Qf7 36.Rg3 Kh7
37.Be5 Rg8 38.Qc2+ Qf5 39.Qc3 Bc6 40.Bd4 Rd7 41.Rge3 Re8 42.Re5 Qg6 43.R1e3 Rf7
44.Rg3 Qb1+ 45.Kh2 Ree7 46.Qe3 Rf6 47.Rh5 Rg6 48.Rxg6 Qxg6 49.Re5 Bb5 50.f3 Qc2
51.h4 Kg8 52.Bc3 Kf7 53.Qd4 Bf1 54.Bd2 Bc4 55.Bc3 Bf1 56.Qf4+ Ke8 57.Qd2 Qxd2
58.Bxd2 Kd7 59.g4 Bd3 60.h5 Rf7 61.Kg3 d4 62.Bf4 Re7 63.Re1 Bc2 64.Kf2 d3
65.Bd2 e5 66.Ke3 Kc6 67.Bc3 Kd5 68.Kd2 Re6 69.Re3 Re7 70.c6 Kxc6 71.Bxe5 Kb5
72.f4 Ka4 73.f5 Kb3 74.Bd6 Rd7 75.Bc5 Rd5 76.Re7 a5 77.Rxg7 Re5 78.Be3 axb4
79.axb4 Kxb4 80.f6 Re6 81.Rg6 Re8 82.Rxh6 Bb1  1-0

[Event "1st Fermo Festival"]
[Site "Porto San Giorgio ITA"]
[Date "2010.08.22"]
[Round "2"]
[White "Vuelban,V"]
[Black "Gattafoni,Alessio"]
[Result "1-0"]
[WhiteElo "2358"]
[BlackElo "2009"]

1.Nf3 d5 2.d4 Nf6 3.c4 c6 4.Nc3 e6 5.e3 Nbd7 6.Qc2 Bd6 7.Bd3 Qc7 8.Bd2 dxc4
9.Bxc4 Nb6 10.Bd3 Nbd5 11.a3 Nxc3 12.Bxc3 h6 13.e4 Be7 14.Qe2 Qb6 15.O-O Bd7
16.b4 O-O 17.Bd2 Nh7 18.Be3 Qd8 19.Ne5 f5 20.Rab1  1-0

[Event "46th Akiba Rubinstein Open A"]
[Site "Polanica Zdroj POL"]
[Date "2010.08.23"]
[Round "5"]
[White "Kacprzak,R"]
[Black "Musialkiewicz,J"]
[Result "1/2-1/2"]
[WhiteElo "1923"]
[BlackElo "2109"]

1.d4 d5 2.c4 c6 3.Nc3 Nf6 4.e3 e6 5.Nf3 Nbd7 6.Bd3 dxc4 7.Bxc4 b5 8.Bd3 Bb7
9.O-O a6 10.e4 c5 11.d5 c4 12.Bc2 Qc7 13.Qe2 Bd6 14.Bg5 O-O-O 15.dxe6 fxe6
16.Rfd1 h6 17.Bh4 g5 18.Bg3 e5 19.a4 b4 20.Nd5 Nxd5 21.exd5 Nf6 22.Rac1 Bxd5
23.Rxd5 Nxd5 24.Bf5+ Kb8 25.Rxc4 Qb7 26.Bxe5 Bxe5 27.Qxe5+ Ka8 28.Be4 Rhe8
29.Qd4 Rxe4 30.Qxe4 Nb6 31.Rxb4 Rd1+ 32.Ne1 Qxe4 33.Rxe4 Nxa4 34.Kf1  1/2-1/2

[Event "Open"]
[Site "Baku AZE"]
[Date "2010.08.24"]
[Round "2"]
[White "Agasiyev,Ka"]
[Black "Zhukova,N"]
[Result "1/2-1/2"]
[WhiteElo "2203"]
[BlackElo "2499"]

1.d4 d5 2.c4 c6 3.Nf3 Nf6 4.e3 e6 5.Nc3 Nbd7 6.Qc2 b6 7.Bd3 Bb7 8.O-O Bd6
9.cxd5 cxd5 10.Bd2 a6 11.Rac1 O-O 12.h3 Qe7 13.Rfe1 Rfc8 14.Qb3 Ne4 15.Ne2 e5
16.Bxe4 dxe4 17.Nxe5 Bxe5 18.dxe5 Nxe5 19.Nf4 Rd8 20.Bb4 Qd7 21.Bc3 Nd3 22.Nxd3 exd3
23.Qxb6 Qb5 24.Qxb5 axb5 25.Red1 Rxa2 26.Bd4 h6 27.Rc5 Ba6 28.Rxd3  1/2-1/2

[Event "6th Prospero A Pichay Cup"]
[Site "Manila PHI"]
[Date "2010.08.24"]
[Round "6"]
[White "Gagunashvili,M"]
[Black "Kazhgaleyev,M"]
[Result "1/2-1/2"]
[WhiteElo "2596"]
[BlackElo "2609"]

1.d4 d5 2.c4 c6 3.Nf3 Nf6 4.Nc3 e6 5.e3 Nbd7 6.Qc2 Bd6 7.b3 O-O 8.Be2 b6
9.O-O Bb7 10.Bb2 Qe7 11.Rad1 Rac8 12.e4 Nxe4 13.Nxe4 dxe4 14.Qxe4 Nf6 15.Qc2 Rfd8
16.h3 c5 17.Ne5 h6 18.dxc5 Bxc5 19.Bf3 Bxf3 20.Nxf3 Rxd1 21.Rxd1 Rd8 22.Rxd8+ Qxd8
23.Qd2 Qxd2 24.Nxd2 Nd7 25.Kf1 f6 26.Ke2 Kf7 27.Ne4 Be7 28.f3 e5 29.Nc3 Bd6
30.Ne4 Be7 31.Nc3 Bd6  1/2-1/2

[Event "6th Geller Memorial Open A"]
[Site "Odessa UKR"]
[Date "2010.08.24"]
[Round "4"]
[White "Mirzoev,E"]
[Black "Golovlev,N"]
[Result "0-1"]
[WhiteElo "2109"]
[BlackElo "2318"]

1.d4 d5 2.c4 c6 3.e3 Nf6 4.Nc3 e6 5.Nf3 Nbd7 6.Be2 Bd6 7.O-O O-O 8.Qc2 dxc4
9.a4 e5 10.Bxc4 Qe7 11.h3 Bc7 12.Bb3 h6 13.Nh4 Re8 14.Nf5 Qf8 15.a5 Kh8 16.Bd2 Nb8
17.d5 Na6 18.dxc6 Nb4 19.Qb1 bxc6 20.Na2 Nxa2 21.Bxa2 Rd8 22.Bc3 Nd5 23.Qc2 Nxc3
24.bxc3 Bxa5 25.Bb3 Bb6 26.Qe4 Qe8 27.Bc2 g6 28.Nxh6 Kg7 29.Ng4 Bf5 30.Qa4 Bxc2
31.Qxc2 f5 32.Nh2 e4 33.Rfb1 Rd7 34.Nf1 Rad8 35.h4 Qe5 36.c4 Rd3 37.Qe2 Qc5
38.h5 g5 39.Ng3 Kh6 40.Qb2 Rf8 41.Ra6 Qe7 42.c5 Qxc5 43.Rc1 Qd5 44.Raa1 f4
45.Nf1 fxe3 46.fxe3 Rxe3 47.Nxe3 Bxe3+ 48.Kh1 g4 49.Rxc6+ Qxc6 50.Qe2 Qc5
51.Qa6+ Qb6 52.Qe2 Rf5 53.g3 Kxh5 54.Rd1 Kg5  0-1

[Event "1st Fermo Festival"]
[Site "Porto San Giorgio ITA"]
[Date "2010.08.24"]
[Round "4"]
[White "Borgiani,F"]
[Black "Gattafoni,Alessio"]
[Result "1-0"]
[WhiteElo "2194"]
[BlackElo "2009"]

1.d4 d5 2.Nf3 Nf6 3.c4 c6 4.e3 e6 5.Nc3 Nbd7 6.Qc2 Bb4 7.Bd2 O-O 8.a3 Bxc3
9.Bxc3 Re8 10.Bd3 b6 11.g4 dxc4 12.Bxc4 Bb7 13.g5 Nd5 14.Bd2 c5 15.Bd3 f5
16.Be2 cxd4 17.exd4 Rc8 18.Qb3 Qc7 19.Rc1 Qd6 20.Rxc8 Rxc8 21.O-O Nc7 22.Rc1 Qd5
23.Qxd5 Nxd5 24.Rxc8+ Bxc8 25.Bb5 Kf7 26.b3 Ke7 27.a4 a6 28.Bc4 Bb7 29.h4 Kd6
30.Bc1 Nb4 31.Bf4+ Ke7 32.Ne5 g6 33.Bd2 Nc2 34.Bc3 Nxe5 35.dxe5 a5 36.Kf1 Nb4
37.Bxb4+ axb4 38.Ke2 Kd7 39.Kd3 Be4+ 40.Kd4 Bc2 41.Bb5+ Kc7 42.Kc4 Be4 43.Kxb4 f4
44.Bc4 Bf5 45.Kb5 Bg4 46.b4 Kb7 47.a5 bxa5 48.bxa5 Kc7 49.Kc5 Kd7 50.Kb6 Bh3
51.a6 Bg2 52.Bb5+ Ke7 53.Bc6 Bxc6 54.Kxc6  1-0

[Event "BDO Challengers"]
[Site "Haarlem NED"]
[Date "2010.08.25"]
[Round "5"]
[White "Manea,Al"]
[Black "Kuipers,S"]
[Result "1/2-1/2"]
[WhiteElo "2390"]
[BlackElo "2354"]

1.d4 d5 2.c4 c6 3.Nc3 Nf6 4.e3 e6 5.Nf3 Nbd7 6.Qc2 Bd6 7.Bd3 O-O 8.O-O h6
9.Bd2 b6 10.Ne2 Bb7 11.cxd5 cxd5 12.Rac1 Ne4 13.Be1 Qe7 14.Ng3 Rac8 15.Qd1 Rxc1
16.Qxc1 Nb8 17.Qb1 Nxg3 18.hxg3 Ba6 19.Bc3 Bxd3 20.Qxd3 Qb7 21.Rc1 Rc8 22.Ne1 Nd7
23.Rc2 Nf6 24.Bd2 Ne4 25.Bc1 Be7 26.Nf3 Bd6 27.Nd2 Nf6  1/2-1/2

[Event "6th Prospero A Pichay Cup"]
[Site "Manila PHI"]
[Date "2010.08.25"]
[Round "8"]
[White "Halay,T"]
[Black "Leysa,F"]
[Result "0-1"]
[WhiteElo "2358"]
[BlackElo "1991"]

1.d4 Nf6 2.c4 e6 3.Nc3 d5 4.Nf3 c6 5.e3 Nbd7 6.Bd3 dxc4 7.Bxc4 b5 8.Bd3 Bb7
9.O-O a6 10.e4 c5 11.d5 c4 12.dxe6 fxe6 13.Bc2 Bc5 14.e5 Bxf3 15.Qxf3 Nxe5
16.Qe2 Ned7 17.Qxe6+ Qe7 18.Qh3 O-O 19.Bg5 Qe5 20.Qh4 h6 21.Bf4 Qh5 22.Qg3 Qg4
23.Rad1 Qxg3 24.Bxg3 Rae8 25.a3 Ne5 26.Rfe1 Nc6 27.Rxe8 Rxe8 28.Kf1 Bd4 29.f3 Kf7
30.Bf2 Rd8 31.Be1 Ke6 32.g4 Nd5 33.Nxd5 Kxd5 34.b4 Ke6 35.f4 Bb2 36.Rb1 c3
37.Bb3+ Kf6 38.Rxb2 cxb2 39.Bc3+ Ke7 40.Bxb2 Rd3 41.Bg8 Rf3+ 42.Kg2 Rxf4
43.Kg3 g5 44.Bg7 Nd4 45.Bxh6 Ne2+ 46.Kh3 Kf6 47.Bh7 Rf3+ 48.Kg2 Rxa3 49.h4 Nf4+
50.Kh2 Rh3+  0-1

[Event "ch-RUS Higher League"]
[Site "Irkutsk RUS"]
[Date "2010.08.26"]
[Round "1"]
[White "Riazantsev,A"]
[Black "Grigoriants,S RUS"]
[Result "1/2-1/2"]
[WhiteElo "2682"]
[BlackElo "2564"]

1.d4 d5 2.c4 c6 3.Nc3 Nf6 4.e3 e6 5.Nf3 Nbd7 6.Bd3 dxc4 7.Bxc4 b5 8.Bd3 Bd6
9.Bd2 Bb7 10.Rc1 Rc8 11.O-O O-O 12.a3 a5 13.Ng5 Be7 14.Qf3 Ba8 15.Qe2 b4
16.axb4 axb4 17.Na4 c5 18.dxc5 Nxc5 19.Nxc5 Rxc5 20.Rxc5 Bxc5 21.Rc1 Be7
22.Nf3 Qd5 23.Bc4 Qe4 24.Bd3 Qd5 25.Bc4 Qe4 26.Bd3  1/2-1/2

[Event "6th Geller Memorial Open A"]
[Site "Odessa UKR"]
[Date "2010.08.26"]
[Round "6"]
[White "Grigoryev,J"]
[Black "Campi,W"]
[Result "1-0"]
[WhiteElo "1861"]
[BlackElo "1854"]

1.d4 d5 2.c4 c6 3.Nf3 Nf6 4.Nc3 e6 5.e3 Nbd7 6.Bd3 dxc4 7.Bxc4 b5 8.Bd3 a6
9.e4 c5 10.d5 exd5 11.e5 d4 12.exf6 dxc3 13.Qe2+ Be7  1-0

[Event "1st Fermo Festival"]
[Site "Porto San Giorgio ITA"]
[Date "2010.08.26"]
[Round "6"]
[White "Borgiani,F"]
[Black "Rebeggiani,L"]
[Result "1/2-1/2"]
[WhiteElo "2194"]
[BlackElo "2036"]

1.d4 d5 2.Nf3 Nf6 3.c4 c6 4.e3 e6 5.Nc3 Nbd7 6.Qc2 Bd6 7.Bd2 Qe7 8.O-O-O O-O
9.h3 dxc4 10.e4 e5 11.Bxc4 b5 12.dxe5 Nxe5 13.Nxe5 Bxe5 14.Bd3 Be6 15.f4 Bxc3
16.Bxc3 b4 17.Bxf6 Qxf6 18.Rhf1 Rfb8 19.e5 Qh6 20.Bc4 Rd8 21.Kb1 Rxd1+ 22.Rxd1 Qxf4
23.Bxe6 fxe6 24.Qxc6 Qf5+ 25.Ka1 Rf8 26.Qd6 a5 27.b3 h5 28.Rc1 Qg6 29.Qb6 Rf4
30.Qxa5 Qxg2 31.Qd8+ Kh7 32.Qd3+ Qg6 33.Qxg6+ Kxg6 34.a4 bxa3 35.Ka2 Kf5
36.Kxa3 g5 37.Rc8 Rf3 38.Rf8+ Ke4 39.Rg8 Rf5 40.b4 Kxe5 41.b5 Kf4 42.Kb4 g4
43.b6 Rf7 44.hxg4 hxg4 45.Kc5 g3 46.Kc6 e5 47.b7 Rxb7 48.Kxb7 e4 49.Rf8+ Ke3
50.Kc6 g2 51.Rg8 Kf2 52.Rf8+ Ke2 53.Rg8  1/2-1/2

[Event "1st Fermo Festival"]
[Site "Porto San Giorgio ITA"]
[Date "2010.08.26"]
[Round "6"]
[White "Naumkin,I"]
[Black "Bonagura,S"]
[Result "1-0"]
[WhiteElo "2466"]
[BlackElo "2130"]

1.d4 d5 2.c4 c6 3.Nf3 Nf6 4.Nc3 e6 5.e3 Nbd7 6.Qc2 Bd6 7.Bd3 O-O 8.O-O h6
9.c5 Bc7 10.e4 dxe4 11.Nxe4 Nxe4 12.Bxe4 e5 13.Be3 Qe7 14.Rfe1 Re8 15.Rad1 Kh8
16.h3 Nf6 17.Nxe5 Bxe5 18.dxe5 Nxe4 19.Qxe4 Be6 20.Rd6 Bd5 21.Qg4 Qxe5 22.Rxh6+ Kg8
23.Rh5 Qe4 24.Qg3 Qb4 25.Rd1 Re6 26.Rd4 Qe1+ 27.Kh2 Rxe3 28.Rdh4 g6 29.Rh8+ Kg7
30.R4h7+ Kf6 31.Qf4+ Ke6 32.Qxf7+ Ke5 33.Qe7+ Be6 34.Qd6+ Kf6 35.Qf4+ Bf5
36.fxe3 Rxh8 37.Qd6+ Be6 38.Qd4+  1-0

[Event "25th Open"]
[Site "Schwarzach AUT"]
[Date "2010.08.26"]
[Round "6"]
[White "Feige,M"]
[Black "Biedekoepper,R"]
[Result "1/2-1/2"]
[WhiteElo "2402"]
[BlackElo "2112"]

1.d4 d5 2.c4 c6 3.Nf3 Nf6 4.Nc3 e6 5.e3 a6 6.Bd3 dxc4 7.Bxc4 b5 8.Bd3 c5
9.dxc5 Bxc5 10.O-O O-O 11.e4 g6 12.Bg5 Be7 13.e5 Nd5 14.Bxe7 Qxe7 15.Nxd5 exd5
16.Re1 Be6 17.a4 b4 18.Qe2 a5 19.Nd4 Qc5 20.Nb5 Nc6 21.Rac1 Qb6 22.Qd2 f6
23.exf6 Rxf6 24.Qe3 d4 25.Qe4 Bf7 26.Qh4 Kg7 27.Be4 Re8 28.Bxc6 Rxc6 29.Qxd4+ Qxd4
30.Nxd4 Rxe1+ 31.Rxe1 Rd6 32.Nf3 Bb3 33.h4 Rd1  1/2-1/2

[Event "TCh-ESP CECLUB Honor"]
[Site "Sestao ESP"]
[Date "2010.08.26"]
[Round "4"]
[White "Gustafsson,J"]
[Black "Matlakov,M"]
[Result "1-0"]
[WhiteElo "2643"]
[BlackElo "2603"]

1.Nf3 d5 2.d4 Nf6 3.c4 c6 4.Nc3 e6 5.e3 Nbd7 6.Bd3 dxc4 7.Bxc4 b5 8.Bd3 Bd6
9.O-O O-O 10.Qc2 Bb7 11.a3 h6 12.e4 e5 13.dxe5 Nxe5 14.Nxe5 Bxe5 15.h3 Qe7
16.Be3 Rfd8 17.Rfd1 Bc7 18.f4 Nd5 19.Nxd5 cxd5 20.e5 d4 21.Bf2 a6 22.Rac1 Bb6
23.Qe2 h5 24.Qg4 g6 25.Qg3 Re8 26.Re1 Bc7 27.Bxg6  1-0

[Event "ch-RUS Higher League"]
[Site "Irkutsk RUS"]
[Date "2010.08.27"]
[Round "2"]
[White "Bukavshin,I"]
[Black "Potkin,V"]
[Result "0-1"]
[WhiteElo "2430"]
[BlackElo "2626"]

1.d4 d5 2.c4 c6 3.Nc3 Nf6 4.e3 e6 5.Nf3 Nbd7 6.Bd3 dxc4 7.Bxc4 b5 8.Bd3 Bd6
9.O-O O-O 10.Qc2 Bb7 11.a3 a6 12.b4 a5 13.Rb1 axb4 14.axb4 Qe7 15.e4 e5 16.Ne2 Bxb4
17.Ng3 Ba3 18.Nf5 Qe8 19.Bg5 Nh5 20.Qc3 exd4 21.N3xd4 Qe5 22.Qd2 Bc5 23.Be2 Ndf6
24.Bxf6 Nxf6 25.Qg5 Nd7 26.Nb3 Ba3 27.Rfd1 Qf6 28.Qg3 Ne5 29.f4 Ng6 30.Bg4 Ne7
31.Nxe7+ Bxe7 32.e5 Qh4 33.Qxh4 Bxh4 34.Nc5 Bc8 35.Bf3 Bf5 36.Rbc1 Ra2 37.g4 Bc8
38.Kh1 Bf2 39.Nd7 Bxd7 40.Rxd7 Be3 41.Rxc6 Bxf4 42.Bd5 Rxh2+ 43.Kg1 Rd2 44.e6 fxe6
45.Bxe6+ Kh8 46.Rxd2 Bxd2 47.Rc8 Rxc8 48.Bxc8 g6 49.Kf2 Kg7 50.Ke2 Bf4 51.Kd3 Kf6
52.Bd7 b4 53.Ba4 Kg5 54.Bd1 Bd6 55.Be2 Kf4 56.Bd1 Be5 57.Kc4 Bc3 58.Kd3 Be1
59.Kd4 Bh4 60.Kc4 Be7 61.Kd3 Bf8 62.Be2 Kg3 63.Bd1 Kf2 64.Kd2 Bc5 65.Kd3 Be3
66.Kc4 Ke1 67.Bf3 Bd2 68.Be4 Ke2 69.Bc2 Be1 70.Kb3 Kd2 71.Kb2 Bh4 72.Kb3 Be7
73.Kb2 h5 74.g5 Bxg5 75.Bxg6 h4 76.Bf5 Ke3 77.Kb3 Be7 78.Kc2 Kf4 79.Be6 Kg3
80.Kd1 h3 81.Ke2 h2 82.Bd5 b3 83.Kd3 b2 84.Kc2 Bf6  0-1

[Event "ch-RUS Higher League"]
[Site "Irkutsk RUS"]
[Date "2010.08.27"]
[Round "2"]
[White "Kryakvin,D"]
[Black "Khismatullin,D"]
[Result "0-1"]
[WhiteElo "2603"]
[BlackElo "2667"]

1.d4 d5 2.c4 c6 3.Nf3 Nf6 4.Nc3 e6 5.e3 Nbd7 6.Qc2 Bd6 7.e4 dxe4 8.Nxe4 Nxe4
9.Qxe4 c5 10.Bd2 Nf6 11.Qc2 cxd4 12.Nxd4 O-O 13.O-O-O Bd7 14.Bd3 Qb6 15.Nb3 Rac8
16.Bc3 e5 17.Kb1 Be6 18.Qd2 Bb8 19.c5 Qc6 20.Rhe1 Rfd8 21.Qc2 Qxg2 22.Rg1 Qf3
23.Rg3 Qh5 24.Nc1 Ne4 25.Bxe4 Qxd1 26.Bxh7+ Kf8 27.f4 g6 28.Bxg6 exf4 29.Bg7+ Ke7
30.Rc3 Qg4 31.Be4 Qxg7 32.Bxb7 Rc7 33.c6 Qg6  0-1

[Event "7th Open"]
[Site "Kalamaria GRE"]
[Date "2010.08.27"]
[Round "3"]
[White "Atalik,E"]
[Black "Andriasian,Z"]
[Result "1/2-1/2"]
[WhiteElo "2444"]
[BlackElo "2588"]

1.d4 d5 2.c4 c6 3.Nc3 Nf6 4.e3 e6 5.Nf3 Nbd7 6.Bd3 dxc4 7.Bxc4 b5 8.Bd3 Bd6
9.O-O O-O 10.Qc2 Bb7 11.e4 e5 12.Rd1 Qc7 13.h3 a6 14.a4 Rfe8 15.Be3 exd4
16.Nxd4 g6 17.Nf3 b4 18.Nb1 c5 19.Nbd2 Bf4 20.Re1 Rad8 21.Rad1 Bxe3 22.Rxe3 Ne5
23.Nxe5 Qxe5 24.Nc4 Qg5 25.Rde1 Nh5 26.Na5 Bc8 27.Bc4 Rd6 28.e5 Rd4 29.e6 Bxe6
30.Re5 Rd2 31.Rxg5 Rxc2 32.b3 Rd8 33.Bxe6 fxe6 34.Nc4 Rf8 35.Rxe6 Rfxf2 36.Ne3 Rce2
37.Rxa6 Rf8 38.Re5 Nf6  1/2-1/2

[Event "6th Geller Memorial Open A"]
[Site "Odessa UKR"]
[Date "2010.08.27"]
[Round "7"]
[White "Mirzoev,E"]
[Black "Rudenkov,S"]
[Result "1-0"]
[WhiteElo "2109"]
[BlackElo "1852"]

1.d4 d5 2.c4 c6 3.e3 Nf6 4.Nc3 e6 5.Nf3 Nbd7 6.Be2 g6 7.O-O Bg7 8.Qc2 O-O
9.Rd1 Qc7 10.cxd5 cxd5 11.Qb3 Qb6 12.Qa3 Nb8 13.Na4 Qd8 14.Ne5 Nfd7 15.Nd3 Nc6
16.Bd2 Re8 17.Nb4 Nxb4 18.Bxb4 Bf8 19.Bxf8 Nxf8 20.Nc5 b6 21.Na6 Bb7 22.b4 Rc8
23.b5 Bxa6 24.bxa6 Re7 25.Rac1 Rec7 26.Bb5 Nd7 27.h3 Nf6 28.f3 Ne8 29.Rxc7 Rxc7
30.e4 dxe4 31.Bxe8 Qxe8 32.fxe4 Qb5 33.d5 Qe2 34.Qf3 Qxf3 35.gxf3 exd5 36.exd5 Kg7
37.f4 Kf6 38.Re1 Rd7 39.Re5 b5 40.Kf2 Rd6 41.Ke3 Rxa6 42.Kd4 Ra4+ 43.Kc5 Rxf4
44.Re2 Rf1 45.d6 Rc1+ 46.Kxb5 Rd1 47.Kc6 Rc1+ 48.Kb7 Rd1 49.Kc7 Rc1+ 50.Kd8 Rc3
51.d7 Rxh3 52.Rd2 Re3 53.Kc8  1-0

[Event "ch-RUS Higher League w"]
[Site "St Petersburg RUS"]
[Date "2010.08.27"]
[Round "2"]
[White "Matveeva,S"]
[Black "Zakurdjaeva,I"]
[Result "1-0"]
[WhiteElo "2379"]
[BlackElo "2280"]

1.d4 d5 2.c4 c6 3.Nc3 Nf6 4.e3 e6 5.Nf3 Nbd7 6.Qc2 Bd6 7.b3 O-O 8.Be2 b6
9.O-O Bb7 10.Bb2 Rc8 11.Rad1 Qe7 12.Rfe1 c5 13.cxd5 Nxd5 14.Nxd5 Bxd5 15.e4 Bb7
16.d5 e5 17.Bc4 a6 18.a4 Rfd8 19.g3 g6 20.Nh4 Nf6 21.Qe2 Ra8 22.f4 Ne8 23.Nf3 exf4
24.e5 fxg3 25.hxg3 Bb8 26.Qf2 Ng7 27.d6 Qd7 28.e6 fxe6 29.Ne5 Qe8 30.Ng4 Qf8
31.Nh6+ Kh8 32.Nf7+ Kg8 33.Nxd8 Qxd8 34.Rxe6  1-0

[Event "46th Akiba Rubinstein Open A"]
[Site "Polanica Zdroj POL"]
[Date "2010.08.28"]
[Round "10"]
[White "Musialkiewicz,J"]
[Black "Khamidov,K"]
[Result "1-0"]
[WhiteElo "2109"]
[BlackElo "1938"]

1.d4 d5 2.c4 c6 3.Nc3 Nf6 4.Nf3 e6 5.e3 Bd6 6.Bd3 O-O 7.O-O Nbd7 8.e4 dxc4
9.Bxc4 e5 10.Bg5 Qa5 11.a3 Qc7 12.d5 b5 13.dxc6 bxc4 14.cxd7 Qxd7 15.Bxf6 gxf6
16.Nd5 Qe6 17.Nh4 Kh8 18.Nf5 Ba6 19.Rc1 Rad8 20.Rc3 Rg8 21.Rh3 Rg5 22.Rh6 Rg6
23.Qh5 Rxh6 24.Nxh6 Rd7 25.Ng4 Be7 26.Rc1 Bb7 27.Nge3 Bf8 28.Rxc4 f5 29.exf5 Qh6
30.Qxh6 Bxh6 31.Nc3 Bxe3 32.fxe3 Rd2 33.e4 Rxb2 34.Rb4 Rxb4 35.axb4 a6 36.Kf2 Kg7
37.Ke3 Kf6 38.Na4 Bc6 39.Nc5 Bb5 40.h4 h6 41.g4 Ke7 42.g5 h5 43.Nd3 Kd6 44.Nf2 Bc4
45.Nh1 Kc6 46.Kd2 Kb5 47.Kc3 Be2 48.Ng3 Bg4 49.g6 fxg6 50.fxg6 a5 51.bxa5 Kxa5
52.g7 Be6 53.Nxh5 Kb5 54.Nf6  1-0

[Event "1st Campomanes Memorial Cup Open"]
[Site "Manila PHI"]
[Date "2010.08.29"]
[Round "2"]
[White "Li Chao2"]
[Black "Yu Lie"]
[Result "1-0"]
[WhiteElo "2629"]
[BlackElo "2447"]

1.d4 Nf6 2.c4 c6 3.Nc3 d5 4.Nf3 e6 5.e3 Nbd7 6.Qc2 Bd6 7.Bd3 O-O 8.O-O dxc4
9.Bxc4 a6 10.Rd1 Qe7 11.h3 c5 12.a4 b6 13.dxc5 Bxc5 14.e4 Bb7 15.Bg5 h6 16.Bh4 Qe8
17.Qd3 Bb4 18.e5 Nc5 19.Qe3 Nfe4 20.Nxe4 Bxe4 21.Rd4 Qc6 22.Be2 a5 23.Be7 Rfe8
24.Bb5 Qc7 25.Bd6 Qa7 26.Rxe4 Nxe4 27.Qxe4 Red8 28.Bc6 f5 29.Qc4 Rac8 30.Qxe6+ Kh8
31.Nd4 b5 32.Nxb5 Qb6 33.Bd7 Rc2 34.Qxf5 Rxb2 35.Bc7  1-0

[Event "PK NBSB"]
[Site "Roosendaal NED"]
[Date "2010.08.29"]
[Round "6"]
[White "Konings,F"]
[Black "Nabuurs,M"]
[Result "1-0"]
[WhiteElo "2260"]
[BlackElo "2184"]

1.d4 d5 2.c4 c6 3.Nc3 Nf6 4.e3 e6 5.Nf3 Nbd7 6.b3 Bd6 7.Be2 O-O 8.O-O dxc4
9.bxc4 b6 10.Rb1 c5 11.d5 Ne5 12.Nb5 Nxf3+ 13.Bxf3 e5 14.Nxd6 Qxd6 15.e4 Ne8
16.Bb2 f5 17.exf5 Bxf5 18.Rc1 e4 19.Be2 Nf6 20.Rc3 Rae8 21.Rg3 Re7 22.Qa1 Bg6
23.Rg5 Qf4 24.Re5 Rfe8 25.Rxe7 Rxe7 26.Rd1 Ne8 27.d6 Rd7 28.Be5 Qf8 29.Qc3 Nxd6
30.Qd2 Nf7 31.Qxd7 Nxe5 32.Qe6+ Nf7 33.h4 e3 34.fxe3  1-0

[Event "ch-RUS Higher League w"]
[Site "St Petersburg RUS"]
[Date "2010.08.29"]
[Round "4"]
[White "Savina,A"]
[Black "Shaydullina,S"]
[Result "1-0"]
[WhiteElo "2392"]
[BlackElo "2210"]

1.d4 d5 2.c4 e6 3.Nc3 c6 4.e3 Nf6 5.Nf3 Nbd7 6.Bd3 dxc4 7.Bxc4 b5 8.Bd3 b4
9.Ne4 Nxe4 10.Bxe4 Bb7 11.O-O Nf6 12.Bd3 Be7 13.e4 c5 14.Bb5+ Kf8 15.e5 Nd7
16.Be3 cxd4 17.Qxd4 Bd5 18.Rac1 Nb6 19.Bc6 Bxc6 20.Rxc6 Nd5 21.Rfc1 g5 22.Qd2 h6
23.Nd4 Qd7 24.Nb5 Kg7 25.h4 g4 26.h5 Rad8 27.Nd6 Bxd6 28.exd6 Nxe3 29.Qxe3 Kf8
30.Qc5 Rg8 31.Rc7 Qe8 32.Re7 Kg7 33.Qe5+ Kh7 34.Rxe8 Rgxe8 35.Rc7 Kg8 36.Qf6 Rf8
37.Rc4 Kh7 38.Rxg4 Rg8 39.Qxf7+ Kh8 40.Rxg8+ Rxg8 41.d7  1-0

[Event "17th Open A"]
[Site "Graz AUT"]
[Date "2010.08.30"]
[Round "3"]
[White "Zoebisch,H"]
[Black "Brandstetter,D"]
[Result "1-0"]
[WhiteElo "2117"]
[BlackElo "2082"]

1.d4 d5 2.c4 c6 3.Nf3 Nf6 4.Nc3 e6 5.e3 Nbd7 6.Bd3 dxc4 7.Bxc4 b5 8.Bd3 a6
9.e4 c5 10.e5 cxd4 11.Nxb5 axb5 12.exf6 gxf6 13.Be4 Ra6 14.O-O Qb6 15.Nxd4 Ra4
16.Be3 Bc5 17.Rc1 Ba6 18.Rxc5 Nxc5 19.Nb3 Rxe4 20.Bxc5 Qc6 21.Qf3 f5 22.Qc3 Rg8
23.f3 Re2 24.Rf2 Rxf2 25.Kxf2 Bb7 26.Nd4 Qd7 27.Qa5 Bc6 28.Qb6 Bb7 29.Bd6 Rg6
30.Nxb5 Qc6 31.Qxc6+ Bxc6 32.Nd4 Kd7 33.Bb4 Bd5 34.a4 Rg8 35.Bc3 Bc4 36.g3 h5
37.h4 Ra8 38.a5 Rg8 39.f4 Rb8 40.Nf3 Bd5 41.Ne5+ Ke7 42.Nd3 Bc4 43.Nb4 Kd7
44.Nc2 Kc6 45.Nd4+ Kd5 46.Ke3 Rb7 47.Nf3 Bb3 48.Nd2 Bc4 49.Bd4 Ba6 50.Bb6 Bc4
51.b3 Bb5 52.Nf3 Rd7 53.Nd4 Ba6 54.Nf3 Kd6 55.Ne5 Rb7 56.Kd4 f6 57.Nc4+ Bxc4
58.Kxc4 Kc6 59.Bd4 Rg7 60.b4 Rxg3 61.b5+ Kc7 62.a6 Rf3 63.b6+ Kb8 64.Bxf6 Rxf4+
65.Kc5 Re4 66.Be7 Re5+ 67.Kc6 Rd5 68.Bd6+ Rxd6+ 69.Kxd6 f4 70.Kc6 f3 71.a7+ Ka8
72.b7+ Kxa7 73.Kc7 f2 74.b8=Q+  1-0

[Event "ch-RUS Higher League"]
[Site "Irkutsk RUS"]
[Date "2010.08.30"]
[Round "5"]
[White "Gabrielian,A"]
[Black "Sjugirov,S"]
[Result "0-1"]
[WhiteElo "2559"]
[BlackElo "2610"]

1.d4 d5 2.c4 c6 3.Nf3 Nf6 4.Nc3 e6 5.e3 Nbd7 6.Qc2 a6 7.Bd2 b5 8.c5 Qc7 9.Be2 e5
10.O-O-O Be7 11.h3 O-O 12.g4 b4 13.Na4 Ne4 14.Be1 exd4 15.Nxd4 a5 16.Nf5 Ndxc5
17.f3 Nxa4 18.fxe4 Nc5 19.exd5 Bxf5 20.gxf5 cxd5 21.Rxd5 Rad8 22.Bc4 Rxd5
23.Bxd5 Bf6 24.Bd2 Nd3+ 25.Kb1 Qe5 26.e4 Nxb2 27.Bc1 Nd1 28.Qxd1 Rc8  0-1

[Event "ch-RUS Higher League"]
[Site "Irkutsk RUS"]
[Date "2010.08.30"]
[Round "5"]
[White "Grigoriants,S RUS"]
[Black "Belov,Vl"]
[Result "1/2-1/2"]
[WhiteElo "2564"]
[BlackElo "2625"]

1.d4 d5 2.c4 c6 3.Nc3 Nf6 4.e3 e6 5.Nf3 Nbd7 6.Bd3 dxc4 7.Bxc4 b5 8.Bd3 Bd6
9.O-O O-O 10.b3 Bb7 11.Bb2 b4 12.Ne4 Nxe4 13.Bxe4 Nf6 14.Bd3 c5 15.dxc5 Bxc5
16.Qe2 Qe7 17.Rac1 Rac8 18.Bxf6 Qxf6 19.Ba6 Bxf3 20.Qxf3 Qxf3 21.gxf3 Rc6
22.Bb7 Rc7 23.Rfd1 Bb6 24.Rxc7 Bxc7 25.Rd4 Ba5 26.Kf1 Rd8 27.Rc4 g6 28.Ke2 Rd6
29.f4 Kg7 30.Bf3 Kf6 31.Rc5 Ra6 32.Bb7 Bb6 33.Bxa6 Bxc5  1/2-1/2